| 000 | 01364cam a2200373 a 4500 | ||
|---|---|---|---|
| 001 | 14306997 | ||
| 003 | OSt | ||
| 005 | 20160609095516.0 | ||
| 008 | 060320s2006 nyu 000 1 eng | ||
| 010 | _a 2006009662 | ||
| 020 | _a9780316013932 | ||
| 020 | _a0316013935 | ||
| 040 | _aSEKU | ||
| 043 | _an-us-ny | ||
| 050 | 0 | 0 |
_aPS 3566 _b.P38 |
| 082 | 0 | 0 |
_a813/.54 _222 |
| 100 | 1 |
_aPatterson, James, _d1947- |
|
| 245 | 1 | 0 |
_aJudge & jury / _cJames Patterson and Andrew Gross. |
| 246 | 3 | _aJudge and jury | |
| 260 |
_aNew York : _bLittle, Brown and Co., _cc2006. |
||
| 300 | _a421 p. | ||
| 610 | 1 | 0 |
_aUnited States. _bFederal Bureau of Investigation _vFiction. |
| 650 | 0 |
_aMafia trials _zNew York (State) _zNew York _vFiction. |
|
| 650 | 0 |
_aMafia _zNew York (State) _zNew York _vFiction. |
|
| 650 | 0 |
_aOrganized crime _vFiction. |
|
| 650 | 0 |
_aWomen jurors _vFiction. |
|
| 655 | 7 |
_aLegal stories. _2gsafd |
|
| 655 | 7 |
_aSuspense fiction. _2gsafd |
|
| 700 | 1 |
_aGross, Andrew, _d1952- |
|
| 856 | 4 | 2 |
_3Publisher description _uhttp://www.loc.gov/catdir/enhancements/fy1005/2006009662-d.html |
| 856 | 4 | 2 |
_3Contributor biographical information _uhttp://www.loc.gov/catdir/enhancements/fy1306/2006009662-b.html |
| 942 |
_2lcc _cGEN |
||
| 999 |
_c15116 _d15116 |
||